Statistiques concernant Présidents français en rébus #1

Cliquez ici pour prendre le quiz!

Statistiques générales

  • Ce quiz a été pris 10 488 fois
  • Le résultat moyen est 6 sur 10

Réponses sur la Carte

Les réponses sont colorées sur une échelle allant du rouge au vert en fonction du pourcentage des utilisateurs qui les ont devinées à leur premier essai. Vous pouvez retrouver ces pourcentages ci-dessous.
 

Statistiques - réponses

Présidents% Correct
Georges Pompidou
95%
Charles de Gaulle
82%
François Mitterrand
75%
Raymond Poincaré
74%
François Hollande
66%
Paul Deschanel
62%
Vincent Auriol
38%
Emile Loubet
35%
Jean Casimir-Perier
35%
Armand Fallières
20%

Distribution des résultats

Percentile par nombre de réponses

% des personnes avec chaque résultat

Votre développement - résultats

Vous n’avez pas pris ce quiz